000 00429nam a22001577a 4500
005 20251108172117.0
008 250721s1988 xx 000 0 ara d
082 1 4 _a947/صال
100 1 _aزهر الدين، صالح
245 1 0 _aالأرمن :
_bشعب و قضية /
264 1 _aبيروت :
_bالدار التقدمية،
_c1988.
300 _a333ص
650 1 7 _aالأرمن
942 _2ddc
_cBK
999 _c70716
_d70716